000 00391nam a2200157Ia 4500
003 Ost
005 20260225132538.0
008 260225s9999||||xx |||||||||||||| ||und||
040 _cfsic
041 _afre
082 _a327
100 _aMarie hélene labbe
_eAuteur
245 0 _aL'arme économique dans les relations internationales /
245 0 _cMarie hélene labbe
942 _cكتاب
999 _c33320
_d33320